A catalogue of quasars and active nuclei (Record no. 9056)
[ view plain ]
| 000 -LEADER | |
|---|---|
| fixed length control field | 00636nam a2200193Ia 4500 |
| 003 - CONTROL NUMBER IDENTIFIER | |
| control field | IN-BaIIA |
| 008 - FIXED-LENGTH DATA ELEMENTS--GENERAL INFORMATION | |
| fixed length control field | 211028s9999 xx 000 0 eng d |
| 040 ## - CATALOGING SOURCE | |
| Transcribing agency | IIA Library |
| 080 ## - UNIVERSAL DECIMAL CLASSIFICATION NUMBER | |
| Universal Decimal Classification number | 083.8:52-77 |
| Item number | VER |
| 100 ## - MAIN ENTRY--PERSONAL NAME | |
| Personal name | Veron-Cetty, M P |
| 9 (RLIN) | 13896 |
| 245 #2 - TITLE STATEMENT | |
| Title | A catalogue of quasars and active nuclei |
| Statement of responsibility, etc. | M P Veron-Cetty and P. Veron |
| 250 ## - EDITION STATEMENT | |
| Edition statement | 3rd ed. |
| 260 ## - PUBLICATION, DISTRIBUTION, ETC. | |
| Place of publication, distribution, etc. | Garching |
| Name of publisher, distributor, etc. | European Southern Observatory |
| Date of publication, distribution, etc. | 1987 |
| 300 ## - PHYSICAL DESCRIPTION | |
| Extent | 119p. |
| 650 ## - SUBJECT ADDED ENTRY--TOPICAL TERM | |
| Topical term or geographic name entry element | Astronomy and Astrophysics Thesaurus |
| 650 ## - SUBJECT ADDED ENTRY--TOPICAL TERM | |
| Topical term or geographic name entry element | Catalogue-Active galactic nuclei |
| 9 (RLIN) | 15227 |
| 650 ## - SUBJECT ADDED ENTRY--TOPICAL TERM | |
| Topical term or geographic name entry element | Catalogue-Quasars |
| 9 (RLIN) | 13897 |
| 942 ## - ADDED ENTRY ELEMENTS (KOHA) | |
| Koha item type | Books |
| Withdrawn status | Lost status | Damaged status | Not for loan | Home library | Current library | Shelving location | Date acquired | Total Checkouts | Full call number | Barcode | Date last seen | Price effective from | Koha item type |
|---|---|---|---|---|---|---|---|---|---|---|---|---|---|
| IIA Library-Bangalore | IIA Library-Bangalore | General Stacks | 24/06/1987 | 083.8:52-77/ VER | 9953 | 05/11/2021 | 24/06/1987 | Books |